000
00274nam a2200097Ia 4500
008
220204s9999 xx 000 0 und d
082
_a
32(059)
_b
IND
245
0
_a
Rashtriya panchang(English) Saka era 1882
260
_a
New Delhi
_b
Indian meteorological dept
_c
1960
942
_c
BK
999
_c
22259
_d
22259